Industrial relations in Indian states / (Record no. 66260)

MARC details
000 -LEADER
fixed length control field 00536nam a22001577a 4500
005 - DATE AND TIME OF LATEST TRANSACTION
control field 20120507113230.0
020 ## - INTERNATIONAL STANDARD BOOK NUMBER
International Standard Book Number 8172401108
Terms of availability 300.00
035 ## - SYSTEM CONTROL NUMBER
System control number A-897109
037 ## - SOURCE OF ACQUISITION
Stock number DPL
Source of stock number/acquisition ENG
245 ## - TITLE STATEMENT
Title Industrial relations in Indian states /
Statement of responsibility, etc edited by C.S. enkata Ratnam
260 ## - PUBLICATION, DISTRIBUTION, ETC. (IMPRINT)
Place of publication, distribution, etc Delhi
Name of publisher, distributor, etc Global Business Press
Date of publication, distribution, etc 1996
300 ## - PHYSICAL DESCRIPTION
Extent xii, 476p.
Dimensions 20 cms.
700 ## - ADDED ENTRY--PERSONAL NAME
Personal name Ratnam, C.S. enkata
9 (RLIN) 46530
942 ## - ADDED ENTRY ELEMENTS (KOHA)
Source of classification or shelving scheme Dewey Decimal Classification
Item type English Books
Classification part 331
Call number suffix VEN
Holdings
Withdrawn status Lost status Not for loan Collection code Home library Current library Date acquired Cost, normal purchase price Full call number Barcode Cost, replacement price Koha item type
      Non-fiction Sarojini Nagar Sarojini Nagar 07/05/2012 300.00 331 VEN A-897109 300.00 English Books

© Delhi Public Library
Hit Counter
free hit counter